Drapeau correct ou incorrect? #7 - Mort subite - Statistiques

Statistiques générales
  • Ce quiz a été pris 249 fois
    33 depuis la dernière actualisation
  • Le résultat moyen est 5 sur 20
Answers on the Grid
Answers color-coded by a green-red scale on the quiz's grid according to % correct below.
 
Statistiques - réponses
Réponse % Correct
41%
35%
35%
29%
29%
29%
29%
29%
29%
24%
24%
24%
18%
18%
18%
18%
18%
18%
12%
6%
Aucun quiz correspondant
Distribution des résultats
% des personnes avec chaque résultat
Percentile par nombre de réponses
Votre historique - résultats
Vous n’avez pas pris ce quiz depuis la dernière actualisation